000 00340nam a2200133Ia 4500
008 240624s9999 xx 000 0 und d
041 _aeng
082 _a200 THA
100 _aTHAROOR SHASHI
245 _aHINDU WAY AN INTRODUCTION TO HINDUISM
260 _c2019
_aNew Delhi
_bAleph Book Company
300 _a340 p.; 17 cm.
365 _cRS
999 _c31912
_d31912